| 000 | 00757nam a2200205Ii 4500 | ||
|---|---|---|---|
| 003 | JO-AjNU | ||
| 008 | 230605s9999||||xx |||||||||||||| ||und|| | ||
| 017 | _a2011/7/2674 | ||
| 040 |
_aJO-AjNU _bara _erda _cJO-AjNU |
||
| 041 | _aara | ||
| 050 | 1 | 4 | _aPJ8062.A856 2011 |
| 100 | 3 |
_aعطيات، محمد, _eauthor _948324 |
|
| 245 | 0 | 0 | _aالقصة الطويلة في الأدب الأردني: البدايات في الرواية الأردنية من بدء الإمارة 1921-1977 |
| 264 | 3 | 1 | _aعمان:وزارة الثقافة،2011 |
| 300 | _a290ص | ||
| 336 |
_atext _btxt _2rdacontent |
||
| 337 |
_aunmediated _bn _2rdamedia |
||
| 338 |
_avolume _bnc _2rdacarrier |
||
| 650 | 4 |
_aالأدب العربي - قصص طويلة - الأردن _948325 |
|
| 999 |
_aA21155 _c24723 _d24723 |
||